<?xml version="1.0" encoding="UTF-8"?>
<record
    xmlns:xsi="http://www.w3.org/2001/XMLSchema-instance"
    xsi:schemaLocation="http://www.loc.gov/MARC21/slim http://www.loc.gov/standards/marcxml/schema/MARC21slim.xsd"
    xmlns="http://www.loc.gov/MARC21/slim">

  <leader>00941nam a2200289 i 4500</leader>
  <controlfield tag="001">6143</controlfield>
  <controlfield tag="003">ES-MaACL</controlfield>
  <controlfield tag="005">20231222182425.0</controlfield>
  <controlfield tag="007">t|</controlfield>
  <controlfield tag="008">890811s1988    sp fo        |||| |dspa d</controlfield>
  <datafield tag="020" ind1=" " ind2=" ">
    <subfield code="a">84-505-6824-2</subfield>
  </datafield>
  <datafield tag="080" ind1=" " ind2=" ">
    <subfield code="a">929 Arenal, Concepcion</subfield>
  </datafield>
  <datafield tag="080" ind1=" " ind2=" ">
    <subfield code="a">362.11(46)"18"</subfield>
  </datafield>
  <datafield tag="100" ind1="1" ind2=" ">
    <subfield code="a">Romero Maroto, Martin.</subfield>
    <subfield code="9">99409</subfield>
  </datafield>
  <datafield tag="245" ind1="1" ind2="3">
    <subfield code="a">El hospital del siglo XIX en la obra de Concepci&#xF3;n Arenal / </subfield>
    <subfield code="c">[Mart&#xED;n Romero Maroto].</subfield>
  </datafield>
  <datafield tag="260" ind1=" " ind2=" ">
    <subfield code="a">La Coru&#xF1;a : </subfield>
    <subfield code="b">Diputaci&#xF3;n Provincial, </subfield>
    <subfield code="c">[1988]</subfield>
  </datafield>
  <datafield tag="300" ind1=" " ind2=" ">
    <subfield code="a">154 p., [4] p. de fot. ; </subfield>
    <subfield code="c">22 cm.</subfield>
  </datafield>
  <datafield tag="490" ind1="1" ind2=" ">
    <subfield code="a">Publicaciones</subfield>
  </datafield>
  <datafield tag="500" ind1=" " ind2=" ">
    <subfield code="a">Datos tomados de cub.</subfield>
  </datafield>
  <datafield tag="504" ind1=" " ind2=" ">
    <subfield code="a">Bibliograf&#xED;a: p. 149-154.</subfield>
  </datafield>
  <datafield tag="600" ind1="1" ind2="4">
    <subfield code="a">Arenal, Concepci&#xF3;n,</subfield>
    <subfield code="d">1820-1893</subfield>
    <subfield code="9">22591</subfield>
  </datafield>
  <datafield tag="650" ind1=" " ind2=" ">
    <subfield code="a">Hospitales-</subfield>
    <subfield code="z">Europa.</subfield>
    <subfield code="9">173501</subfield>
  </datafield>
  <datafield tag="710" ind1="1" ind2=" ">
    <subfield code="a">La Coru&#xF1;a (Provincia). </subfield>
    <subfield code="b">Diputaci&#xF3;n Provincial.</subfield>
    <subfield code="9">5455</subfield>
  </datafield>
  <datafield tag="830" ind1="0" ind2=" ">
    <subfield code="a">Publicaciones</subfield>
    <subfield code="9">179698</subfield>
  </datafield>
  <datafield tag="852" ind1=" " ind2=" ">
    <subfield code="a">ES-MaACL</subfield>
    <subfield code="j">L-13316</subfield>
  </datafield>
  <datafield tag="999" ind1=" " ind2=" ">
    <subfield code="c">6143</subfield>
    <subfield code="d">6143</subfield>
  </datafield>
  <datafield tag="952" ind1=" " ind2=" ">
    <subfield code="0">0</subfield>
    <subfield code="1">0</subfield>
    <subfield code="4">0</subfield>
    <subfield code="7">0</subfield>
    <subfield code="a">ATENEOM</subfield>
    <subfield code="b">ATENEOM</subfield>
    <subfield code="c">DEPO2</subfield>
    <subfield code="d">2008-01-17</subfield>
    <subfield code="e">SC</subfield>
    <subfield code="l">0</subfield>
    <subfield code="o">L-13316</subfield>
    <subfield code="p">1006251</subfield>
    <subfield code="r">2023-02-23 00:00:00</subfield>
    <subfield code="w">2023-02-23</subfield>
    <subfield code="y">MONOGRAFIA</subfield>
  </datafield>
</record>
